000 00330nam a22001337a 4500
020 _a978-1-292-16407-6
082 _a006.74
100 _aFelke-Morris, Terry A.
245 _aWeb Development and Design Foundations with HTML5
250 _a8th
260 _aHarlow:
_bPearson,
_c2017
300 _a712p.: ill.; 27cm
942 _cBK
999 _c22226
_d22226